00818nam a22002297a 4500003000400000005001700004008004100021040002200062082001500084100003400099245001100133260002700144300001900171490001200190505008000202505001700282505008900299650004100388650005500429650005900484650004500543OSt20230712125806.0221006b |||||||| |||| 00| 0 eng d cBiblioteca Lado V a700bA627t aAntelo-Suarez, Sandraeeditor aTrans/ c1998bPassimaNew York c21x26cma150p. v1998a5 aProyeccionestLas barreras del lenguaje Condiciones culturales La oficina aTelesimposio aVisto, revisto y escritotRevisto Double Check Visita de Taller Pagina de artista 2Tesauro de Arte & ArquitecturaaARTE 2Tesauro de Arte & ArquitecturaaARTE CONTEMPORARIO 2Tesauro de Arte & ArquitecturaaCONDICIONES CULTURALES 2Tesauro de Arte & ArquitecturaaLENGUAJE